Not Great Movies Quiz Stats

 Plays Quiz not verified by Sporcle

Score 0/26 Timer 04:00
1 Play Today
% Correct
Life
97.7%
Wizard
94.4%
Fox
93.5%
Homeward
92.8%
Brothers
90.9%
Surfer
90.7%
Hulk
90.7%
Seven
90.4%
Flying
88.4%
Man
86.8%
Shrinking
85.8%
Some
85.7%
Wonderstone
81.4%
% Correct
Mr.
79.7%
Voyage
75.7%
Everything
74.6%
Dear
73.4%
Limpet
69.3%
Wild
67.4%
Fools
66.8%
Having
61.9%
Ambersons
58.5%
Obsession
52.6%
New
46%
Transplant
44.8%
Urge
41.7%

You're not logged in!

Compare scores with friends on all Sporcle quizzes.
OR
Log In

Show Comments

Extras

Top Quizzes Today


Score Distribution

Your Account Isn't Verified!

In order to create a playlist on Sporcle, you need to verify the email address you used during registration. Go to your Sporcle Settings to finish the process.

Report this User

Report this user for behavior that violates our Community Guidelines.

Details: